Využitie marketingových analýz v intenciách riadenia a zdokonaľovania vzťahov so zákazníkmi diplomová práca

Uložené v:
Podrobná bibliografia
Hlavný autor: Čergeová, Lenka
Korporativný autor: Fakulta podnikového manažmentu EU. Katedra manažmentu výroby a logistiky - zrušená
Ďalší autori: Dupaľ, Andrej
Médium: Kniha
Jazyk:Slovak
Vydavateľské údaje: Bratislava 2022
Tagy: Pridať tag
Žiadne tagy, Buďte prvý, kto otaguje tento záznam!

MARC

LEADER 00000nbm a2200000 4500
001 0285639
005 20230331085336.0
041 0 |a slo 
044 |a SK 
245 1 0 |a Využitie marketingových analýz v intenciách riadenia a zdokonaľovania vzťahov so zákazníkmi  |b diplomová práca  |c Lenka Čergeová ; školiteľ: Andrej Dupaľ 
264 1 |a Bratislava  |c 2022 
300 |a 82 s. 
100 1 |a Čergeová, Lenka 
700 1 |a Dupaľ, Andrej 
710 2 |a Fakulta podnikového manažmentu EU. Katedra manažmentu výroby a logistiky - zrušená